Informe en Derecho presentado ante la ilustrísima Corte de Apelaciones de La Serena por parte de Don Manuel Uriondo en el pleito promovido por los dueños de la mina Buena Esperanza sobre propiedad de la mina Oriente

সংরক্ষণ করুন:
গ্রন্থ-পঞ্জীর বিবরন
প্রধান লেখক: Uriondo, Manuel (Author)
বিন্যাস: গ্রন্থ
ভাষা:স্প্যানিশ
প্রকাশিত: Santiago Imprenta Nacional, calle de Morandé 1854
সংস্করন:1a. ed
বিষয়গুলি:
ট্যাগগুলো: ট্যাগ যুক্ত করুন
কোনো ট্যাগ নেই, প্রথমজন হিসাবে ট্যাগ করুন!

MARC

LEADER 00000nam a2200000 a 4500
001 UCJ7865
003 CL-VaPUC
008 070124e18541102CL |||||||||||||||||spa|d
082 0 4 |a 347  |b URI  |2 21 
100 0 |a Uriondo, Manuel  |e author  |9 516303 
245 1 0 |a Informe en Derecho presentado ante la ilustrísima Corte de Apelaciones de La Serena por parte de Don Manuel Uriondo en el pleito promovido por los dueños de la mina Buena Esperanza sobre propiedad de la mina Oriente 
250 |a 1a. ed 
300 |a 80, xxv p 
942 |c BK 
945 |d 20070124 00:00:00  |a rinostro 
260 |a Santiago  |b Imprenta Nacional, calle de Morandé  |c 1854 
650 0 |a Derecho minero chileno  |9 257767 
650 0 |a Minería  |9 326008 
651 0 |a Copiapó  |9 314911 
583 |a last modification  |c 20170612 01:05:35  |k Rodrigo Vera 
999 |c 323735  |d 323733 
952 |0 0  |1 0  |4 0  |6 347_000000000000000_URI_1854  |7 0  |8 X  |9 403513  |a FDOBUD  |b FDOBUD  |d 2019-11-22  |i 1069691  |o 347 URI 1854  |p 1069691  |r 2019-11-22  |w 2019-11-22  |y BK_X  |k BUD